[Event "GER-ch Youth U18 2019"]
[Site "Willingen"]
[Date "2019.06.14"]
[Round "8.9"]
[White "Maetzkow, Maximilian Paul"]
[Black "Rockmann, Jan-Okke"]
[Result "0-1"]
[WhiteElo "2338"]
[BlackElo "1816"]
[Annotator "NA"]
[PlyCount "64"]
[EventDate "2019.06.07"]
[EventType "swiss"]
[EventRounds "9"]
[EventCountry "GER"]
[SourceTitle "playchess.com"]
[Source "ChessBase"]
[SourceQuality "1"]
[TimeControl "40/5400+30:1800+30"]

1. e4 {[%emt 0:00:00]} e5 {[%emt 0:00:00]} 2. Nf3 {[%emt 0:00:00]} Nc6 {[%emt 0:00:00]} 3. Bb5 {[%emt 0:00:00]} a6 {[%emt 0:00:00]} 4. Ba4 {[%emt 0:00:00]} Nf6 {[%emt 0:00:00]} 5. d3 {[%emt 0:00:00]} b5 {[%emt 0:00:00]} 6. Bb3 {[%emt 0:00:00]} Bc5 {[%emt 0:00:00]} 7. O-O {[%emt 0:00:13]} d6 {[%emt 0:00:06]} 8. c3 {[%emt 0:01:08]} h6 {[%emt 0:00:16]} 9. Nbd2 {[%emt 0:00:21]} O-O {[%emt 0:00:12]} 10. Re1 {[%emt 0:00:27]} Re8 {[%emt 0:00:21]} 11. Nf1 {[%emt 0:00:45]} Bb6 {[%emt 0:00:52]} 12. Ng3 {[%emt 0:01:09]} Ne7 {[%emt 0:00:24]} 13. d4 {[%emt 0:17:14]} Ng6 {[%emt 0:00:48]} 14. h3 {[%emt 0:02:01]} c5 {[%emt 0:00:18]} 15. d5 {[%emt 0:08:11]} c4 {[%emt 0:02:18]} 16. Bc2 {[%emt 0:01:53]} Nf4 {[%emt 0:11:02]} 17. Ne2 {[%emt 0:05:33]} g5 {[%emt 0:05:38]} 18. Nxf4 {[%emt 0:01:14]} gxf4 {[%emt 0:00:57]} 19. a4 {[%emt 0:23:43]} Kh8 {[%emt 0:18:34]} 20. axb5 {[%emt 0:11:10]} Rg8 {[%emt 0:00:19]} 21. Kf1 {[%emt 0:00:23]} Bxh3 {[%emt 0:00:20]} 22. gxh3 {[%emt 0:05:23]} Qd7 {[%emt 0:00:16]} 23. Ke2 {[%emt 0:07:57]} Rg2 {[%emt 0:00:29]} 24. Rf1 {[%emt 0:08:10]} Qxh3 {[%emt 0:00:34]} 25. Bxf4 {[%emt 0:00:12]} exf4 {[%emt 0:00:41]} 26. Qd2 {[%emt 0:02:30]} Be3 {[%emt 0:00:23]} 27. Qe1 {[%emt 0:00:20]} Ng4 {[%emt 0:01:34]} 28. Rxa6 {[%emt 0:01:37]} Rxa6 {[%emt 0:01:47]} 29. bxa6 {[%emt 0:00:01]} Nxf2 {[%emt 0:00:04]} 30. Rxf2 {[%emt 0:00:13]} Rxf2+ {[%emt 0:00:16]} 31. Qxf2 {[%emt 0:00:03]} Bxf2 {[%emt 0:00:05]} 32. Kxf2 {[%emt 0:00:01]} Qg3+ {[%emt 0:00:03] normal} 0-1

[Event "GER-ch Youth U18 2019"]
[Site "Willingen"]
[Date "2019.06.14"]
[Round "8.10"]
[White "Engel, Robert"]
[Black "Goldbeck, Lars"]
[Result "0-1"]
[WhiteElo "2067"]
[BlackElo "2199"]
[Annotator "NA"]
[PlyCount "104"]
[EventDate "2019.06.07"]
[EventType "swiss"]
[EventRounds "9"]
[EventCountry "GER"]
[SourceTitle "playchess.com"]
[Source "ChessBase"]
[SourceQuality "1"]
[TimeControl "40/5400+30:1800+30"]

1. e4 {[%emt 0:00:00]} c5 {[%emt 0:00:00]} 2. Nf3 {[%emt 0:00:00]} d6 {[%emt 0:00:00]} 3. d4 {[%emt 0:00:00]} cxd4 {[%emt 0:00:00]} 4. Nxd4 {[%emt 0:00:00]} Nf6 {[%emt 0:00:00]} 5. Nc3 {[%emt 0:00:00]} a6 {[%emt 0:00:00]} 6. g3 {[%emt 0:00:00]} e5 {[%emt 0:00:00]} 7. Nde2 {[%emt 0:00:00]} Be7 {[%emt 0:00:05]} 8. a4 {[%emt 0:00:08]} Be6 {[%emt 0:00:09]} 9. Bg2 {[%emt 0:01:08]} Nbd7 {[%emt 0:00:52]} 10. O-O {[%emt 0:02:01]} O-O {[%emt 0:01:37]} 11. h3 {[%emt 0:07:41]} h5 {[%emt 0:00:55]} 12. Be3 {[%emt 0:09:13]} Nb6 {[%emt 0:06:27]} 13. b3 {[%emt 0:02:05]} d5 {[%emt 0:00:29]} 14. Bxb6 {[%emt 0:04:50]} Qxb6 {[%emt 0:00:34]} 15. Nxd5 {[%emt 0:00:05]} Nxd5 {[%emt 0:00:09]} 16. exd5 {[%emt 0:00:02]} Bd7 {[%emt 0:00:33]} 17. a5 {[%emt 0:02:22]} Qd6 {[%emt 0:03:56]} 18. Nc3 {[%emt 0:11:42]} f5 {[%emt 0:03:57]} 19. Na4 {[%emt 0:02:43]} h4 {[%emt 0:08:24]} 20. Nb6 {[%emt 0:01:16]} hxg3 {[%emt 0:01:19]} 21. fxg3 {[%emt 0:05:16]} Rad8 {[%emt 0:04:23]} 22. c4 {[%emt 0:15:10]} e4 {[%emt 0:02:24]} 23. Qe1 {[%emt 0:00:05]} Bf6 {[%emt 0:10:26]} 24. Rd1 {[%emt 0:01:57]} Be5 {[%emt 0:01:50]} 25. g4 {[%emt 0:01:01]} Qc5+ {[%emt 0:13:01]} 26. Kh1 {[%emt 0:00:25]} Bb8 {[%emt 0:01:43]} 27. d6 {[%emt 0:04:01]} Bc6 {[%emt 0:14:59]} 28. b4 {[%emt 0:01:23]} Qe5 {[%emt 0:00:02]} 29. c5 {[%emt 0:00:18]} f4 {[%emt 0:00:01]} 30. Nc4 {[%emt 0:11:05]} Qe6 {[%emt 0:00:08]} 31. Rd4 {[%emt 0:00:08]} Qh6 {[%emt 0:02:54]} 32. Kh2 {[%emt 0:07:23]} Rde8 {[%emt 0:04:12]} 33. Bxe4 {[%emt 0:00:11]} Qf6 {[%emt 0:01:06]} 34. Qf2 {[%emt 0:06:36]} Rxe4 {[%emt 0:00:17]} 35. Rxe4 {[%emt 0:00:36]} Bxe4 {[%emt 0:00:02]} 36. Nd2 {[%emt 0:00:58]} Bc6 {[%emt 0:00:36]} 37. Nf3 {[%emt 0:00:28]} Qc3 {[%emt 0:05:18]} 38. Ng5 {[%emt 0:02:47]} Qg3+ {[%emt 0:02:53]} 39. Qxg3 {[%emt 0:00:01]} fxg3+ {[%emt 0:00:08]} 40. Kg1 {[%emt 0:00:04]} Re8 {[%emt 0:04:05]} 41. Rd1 {[%emt 0:30:32]} Bd7 {[%emt 0:32:19]} 42. Rd3 {[%emt 0:00:00]} Bb5 {[%emt 0:00:00]} 43. Rd4 {[%emt 0:00:00]} Bc6 {[%emt 0:00:00]} 44. Rd1 {[%emt 0:00:00]} g6 {[%emt 0:00:00]} 45. h4 {[%emt 0:00:00]} g2 {[%emt 0:00:13]} 46. Nh3 {[%emt 0:00:00]} Rf8 {[%emt 0:01:54]} 47. Nf2 {[%emt 0:00:00]} Re8 {[%emt 0:04:21]} 48. Nd3 {[%emt 0:00:00]} Re3 {[%emt 0:01:43]} 49. Nf4 {[%emt 0:00:00]} Kf7 {[%emt 0:00:29]} 50. g5 {[%emt 0:05:50]} Re4 {[%emt 0:01:17]} 51. Nd5 {[%emt 0:01:02]} Rxh4 {[%emt 0:00:55]} 52. Kxg2 {[%emt 0:00:20]} Rxb4 {[%emt 0:00:49] normal} 0-1

[Event "GER-ch Youth U18 2019"]
[Site "Willingen"]
[Date "2019.06.14"]
[Round "8.11"]
[White "Lange, Jannis"]
[Black "Hinrichs, Niklas"]
[Result "1-0"]
[WhiteElo "2024"]
[BlackElo "2115"]
[Annotator "NA"]
[PlyCount "65"]
[EventDate "2019.06.07"]
[EventType "swiss"]
[EventRounds "9"]
[EventCountry "GER"]
[SourceTitle "playchess.com"]
[Source "ChessBase"]
[SourceQuality "1"]
[TimeControl "40/5400+30:1800+30"]

1. e4 {[%emt 0:00:00]} c5 {[%emt 0:00:00]} 2. Nf3 {[%emt 0:00:00]} d6 {[%emt 0:00:00]} 3. Bb5+ {[%emt 0:00:00]} Nd7 {[%emt 0:00:00]} 4. O-O {[%emt 0:00:00]} Ngf6 {[%emt 0:00:19]} 5. Re1 {[%emt 0:00:39]} a6 {[%emt 0:00:53]} 6. Bd3 {[%emt 0:00:18]} e6 {[%emt 0:00:58]} 7. c3 {[%emt 0:01:11]} b5 {[%emt 0:00:13]} 8. Bc2 {[%emt 0:01:30]} c4 {[%emt 0:00:06]} 9. b3 {[%emt 0:00:23]} Bb7 {[%emt 0:02:28]} 10. bxc4 {[%emt 0:00:26]} bxc4 {[%emt 0:00:05]} 11. Na3 {[%emt 0:00:04]} Rc8 {[%emt 0:05:48]} 12. Rb1 {[%emt 0:00:15]} Ba8 {[%emt 0:11:40]} 13. Qe2 {[%emt 0:01:28]} d5 {[%emt 0:02:11]} 14. e5 {[%emt 0:25:58]} Ne4 {[%emt 0:02:23]} 15. Nd4 {[%emt 0:18:03]} Nec5 {[%emt 0:04:09]} 16. f4 {[%emt 0:09:00]} g6 {[%emt 0:09:09]} 17. f5 {[%emt 0:10:39]} Bg7 {[%emt 0:19:02]} 18. fxe6 {[%emt 0:08:07]} fxe6 {[%emt 0:01:44]} 19. d3 {[%emt 0:05:53]} cxd3 {[%emt 0:03:39]} 20. Bxd3 {[%emt 0:00:17]} O-O {[%emt 0:01:44]} 21. Bxa6 {[%emt 0:04:50]} Nxa6 {[%emt 0:01:14]} 22. Qxa6 {[%emt 0:00:10]} Nc5 {[%emt 0:04:45]} 23. Qe2 {[%emt 0:01:29]} Qe7 {[%emt 0:02:20]} 24. Nab5 {[%emt 0:00:18]} Qh4 {[%emt 0:15:04]} 25. Ba3 {[%emt 0:02:42]} Ne4 {[%emt 0:06:24]} 26. Bxf8 {[%emt 0:00:53]} Rxf8 {[%emt 0:00:16]} 27. Nf3 {[%emt 0:00:12]} Qd8 {[%emt 0:00:50]} 28. Qe3 {[%emt 0:03:07]} g5 {[%emt 0:02:06]} 29. Nbd4 {[%emt 0:01:28]} g4 {[%emt 0:01:35]} 30. Nd2 {[%emt 0:02:12]} Bxe5 {[%emt 0:02:36]} 31. Nxe4 {[%emt 0:01:24]} dxe4 {[%emt 0:00:34]} 32. Nxe6 {[%emt 0:00:52]} Qd6 {[%emt 0:01:08]} 33. Qg5+ {[%emt 0:01:56] normal} 1-0

[Event "GER-ch Youth U18 2019"]
[Site "Willingen"]
[Date "2019.06.14"]
[Round "8.12"]
[White "Schnabel, Bennett"]
[Black "Wong, Gengchun"]
[Result "1/2-1/2"]
[WhiteElo "2125"]
[BlackElo "2144"]
[Annotator "NA"]
[PlyCount "44"]
[EventDate "2019.06.07"]
[EventType "swiss"]
[EventRounds "9"]
[EventCountry "GER"]
[SourceTitle "playchess.com"]
[Source "ChessBase"]
[SourceQuality "1"]
[TimeControl "40/5400+30:1800+30"]

1. g3 {[%emt 0:02:27]} Nf6 {[%emt 0:00:00]} 2. Bg2 {[%emt 0:00:32]} d5 {[%emt 0:00:50]} 3. f4 {[%emt 0:00:16]} c5 {[%emt 0:05:02]} 4. Nf3 {[%emt 0:05:18]} Nc6 {[%emt 0:00:04]} 5. d3 {[%emt 0:00:08]} g6 {[%emt 0:00:57]} 6. O-O {[%emt 0:00:05]} Bg7 {[%emt 0:00:05]} 7. c3 {[%emt 0:00:07]} Qd6 {[%emt 0:08:59]} 8. Qc2 {[%emt 0:05:15]} O-O {[%emt 0:09:05]} 9. e4 {[%emt 0:00:21]} dxe4 {[%emt 0:01:15]} 10. dxe4 {[%emt 0:00:06]} e5 {[%emt 0:01:06]} 11. Na3 {[%emt 0:04:32]} exf4 {[%emt 0:13:52]} 12. gxf4 {[%emt 0:01:01]} Qe7 {[%emt 0:03:23]} 13. Re1 {[%emt 0:05:54]} Bg4 {[%emt 0:10:03]} 14. Nc4 {[%emt 0:04:06]} Rad8 {[%emt 0:07:36]} 15. Nce5 {[%emt 0:00:34]} Nxe5 {[%emt 0:01:56]} 16. Nxe5 {[%emt 0:00:09]} Bc8 {[%emt 0:01:23]} 17. Be3 {[%emt 0:01:43]} Ng4 {[%emt 0:01:22]} 18. Nxg4 {[%emt 0:00:12]} Bxg4 {[%emt 0:00:05]} 19. h3 {[%emt 0:00:36]} Be6 {[%emt 0:02:06]} 20. Rad1 {[%emt 0:08:45]} b6 {[%emt 0:00:39]} 21. Bf2 {[%emt 0:07:40]} Rxd1 {[%emt 0:07:46]} 22. Rxd1 {[%emt 0:00:28]} Rd8 {[%emt 0:01:53] normal} 1/2-1/2

[Event "GER-ch Youth U18 2019"]
[Site "Willingen"]
[Date "2019.06.14"]
[Round "8.13"]
[White "Knoedler, Marcel"]
[Black "Runte, Moritz"]
[Result "0-1"]
[WhiteElo "1633"]
[BlackElo "2096"]
[Annotator "NA"]
[PlyCount "38"]
[EventDate "2019.06.07"]
[EventType "swiss"]
[EventRounds "9"]
[EventCountry "GER"]
[SourceTitle "playchess.com"]
[Source "ChessBase"]
[SourceQuality "1"]
[TimeControl "40/5400+30:1800+30"]

1. e4 e5 {[%emt 0:00:00]} 2. Nf3 {[%emt 0:00:00]} Nc6 {[%emt 0:00:00]} 3. Bc4 {[%emt 0:01:13]} Bc5 {[%emt 0:00:13]} 4. O-O {[%emt 0:04:14]} Nf6 5. Nc3 {[%emt 0:06:01]} d6 {[%emt 0:03:16]} 6. h3 Be6 {[%emt 0:04:47]} 7. Bxe6 {[%emt 0:04:30]} fxe6 {[%emt 0:09:37]} 8. Na4 {[%emt 0:08:12]} Nxe4 9. Qe1 Bxf2+ {[%emt 0:04:33]} 10. Rxf2 {[%emt 0:01:58]} Nxf2 {[%emt 0:00:06]} 11. Qxf2 {[%emt 0:00:04]} O-O {[%emt 0:00:48]} 12. Qe2 Qf6 13. d3 {[%emt 0:04:36]} Nd4 {[%emt 0:06:37]} 14. Nxd4 {[%emt 0:00:18]} exd4 {[%emt 0:00:08]} 15. b3 {[%emt 0:06:07]} Rf7 {[%emt 0:02:34]} 16. Bd2 Raf8 17. Be1 {[%emt 0:09:22]} Qf1+ {[%emt 0:01:35]} 18. Qxf1 {[%emt 0:00:05]} Rxf1+ {[%emt 0:00:05]} 19. Kh2 R8f5 {normal} 0-1

[Event "GER-ch Youth U18 2019"]
[Site "Willingen"]
[Date "2019.06.14"]
[Round "8.14"]
[White "Sureshkumar, Atchuthan"]
[Black "Wendler, David"]
[Result "0-1"]
[WhiteElo "1502"]
[BlackElo "2166"]
[Annotator "NA"]
[PlyCount "42"]
[EventDate "2019.06.07"]
[EventType "swiss"]
[EventRounds "9"]
[EventCountry "GER"]
[SourceTitle "playchess.com"]
[Source "ChessBase"]
[SourceQuality "1"]
[TimeControl "40/5400+30:1800+30"]

1. e4 {[%emt 0:00:00]} c5 {[%emt 0:00:00]} 2. Nf3 {[%emt 0:00:11]} Nc6 3. d4 {[%emt 0:00:48]} cxd4 {[%emt 0:00:00]} 4. Nxd4 {[%emt 0:00:06]} g6 {[%emt 0:00:00]} 5. Be3 Nf6 {[%emt 0:00:00]} 6. Nc3 {[%emt 0:02:37]} Bg7 {[%emt 0:00:06]} 7. Bc4 {[%emt 0:02:57]} Qa5 {[%emt 0:03:30]} 8. f3 {[%emt 0:07:37]} Qb4 {[%emt 0:00:41]} 9. Bb3 {[%emt 0:06:45]} Nxe4 {[%emt 0:00:31]} 10. Nxc6 {[%emt 0:08:04]} Bxc3+ {[%emt 0:02:01]} 11. Ke2 {[%emt 0:05:09]} dxc6 12. Qd3 {[%emt 0:00:14]} Bxb2 {[%emt 0:01:01]} 13. Rab1 Nc3+ 14. Kf2 {[%emt 0:01:13]} Nxb1 {[%emt 0:00:56]} 15. Rxb1 Qc3 {[%emt 0:00:25]} 16. Rxb2 {[%emt 0:03:47]} Qxd3 {[%emt 0:00:20]} 17. cxd3 {[%emt 0:02:39]} b6 {[%emt 0:00:18]} 18. Bd4 {[%emt 0:02:49]} O-O {[%emt 0:00:19]} 19. Re2 {[%emt 0:02:04]} Re8 {[%emt 0:00:59]} 20. Bf6 {[%emt 0:00:39]} Kf8 {[%emt 0:00:13]} 21. Bg5 Ba6 {normal} 0-1

[Event "GER-ch Youth U18 2019"]
[Site "Willingen"]
[Date "2019.06.15"]
[Round "9.1"]
[White "Schmider, Niklas"]
[Black "Engel, Luis"]
[Result "1/2-1/2"]
[WhiteElo "2300"]
[BlackElo "2512"]
[Annotator "TA"]
[PlyCount "95"]
[EventDate "2019.06.07"]
[EventType "swiss"]
[EventRounds "9"]
[EventCountry "GER"]
[SourceTitle "playchess.com"]
[Source "ChessBase"]
[SourceQuality "1"]

{[%evp 9,95,4,12,0,0,0,0,0,0,0,0,0,-5,-22,16,10,32,28,33,33,36,33,45,31,26,34,63,54,64,64,74,56,160,131,98,91,91,86,58,65,58,34,118,75,61,70,66,62,56,59,95,104,85,8,8,12,22,22,22,22,22,22,22,22,22,0,0,0,22,22,22,22,22,22,22,22,22,22,22,22,22,22,22,8,22,22,22,22]} 1. e4 c5 2. d3 Nc6 3. f4 g6 4. Nf3 Bg7 5. Be2 d5 (5... Nf6 6. O-O O-O 7. c3 d6 8. Kh1 b5 9. a3 Bb7 10. Be3 a5 11. Nbd2 b4 12. d4 bxc3 13. bxc3 a4 14. Rb1 cxd4 15. cxd4 Na5 {1-0 (60) Kovalev,V (2639)-Moiseenko,A (2667) Riadh 2017}) 6. c3 {B21: Sicilian: 2 f4 and Morra Gambit} dxe4 7. dxe4 Qxd1+ 8. Bxd1 Nf6 9. Bc2 O-O 10. Be3 b6 11. h3 $146 ({Predecessor:} 11. Nbd2 Ba6 12. O-O-O Rad8 13. Rhe1 Bd3 {½-½ (23) Szewczak,A (1939)-Zaninotto,F (2207) Warsaw 2009}) 11... Ba6 12. g4 Rfd8 13. Nbd2 Bd3 14. Bxd3 Rxd3 15. Ke2 $36 {[%mdl 2048] White is more active.} Rad8 16. e5 Ne8 17. Rag1 Nc7 18. h4 $1 R3d7 19. Ne4 Nd5 20. Bc1 e6 ({Black should try} 20... Bh6 $14) 21. h5 f6 {[%cal Rf6e5]} 22. exf6 (22. hxg6 {seems wilder.} hxg6 23. Nh4 fxe5 24. f5 exf5 25. gxf5 Nce7 26. Nxg6 Nxg6 27. Rxg6 Rf8 28. Rf1) 22... Nxf6 23. Nxf6+ Bxf6 24. hxg6 hxg6 25. f5 gxf5 ({Better is} 25... exf5 $14 26. gxf5 Ne7) 26. gxf5+ Rg7 27. Bg5 Bxg5 28. Nxg5 Rd5 $1 29. Nxe6 {[%csl Ge6][%cal Rg1g7][%mdl 64] Discovered Attack} Rxg1 30. Rxg1+ $14 {[%mdl 4096] Endgame KRN-KRN} Kf7 31. Rg7+ (31. Ng5+ $1 $16 Ke7 32. Rf1) 31... Kf6 $11 {The position is equal.} 32. Rc7 Rxf5 {...Re5+ is the strong threat.} 33. Rxc6 {Threatens to win with Nd4+. KRN-KR} Re5+ {[%mdl 64] Double Attack} 34. Kd3 {aiming for Nxc5+.} Rxe6 {KR-KR} 35. Rc7 a6 36. a4 Re7 $1 {[%cal Re7c7]} 37. Rc6+ Re6 38. Rc7 Re7 $1 {[%cal Re7c7]} 39. Rc8 {Black must now prevent Ra8.} Ke5 {[#]} 40. a5 $1 {[%mdl 512]} Rb7 (40... bxa5 41. Rxc5+) 41. axb6 Kd6 $1 42. Kc4 Rxb6 43. b3 Rc6 44. Rh8 Kc7 $1 45. Kd5 {Strongly threatening Rc8+!} a5 $1 46. Ra8 (46. Rc8+ Kxc8 47. Kxc6 {[#]} c4 $1 {[%mdl 512]} 48. bxc4 a4 49. Kd5 a3 50. c5 a2 51. c4 a1=Q 52. Ke6 Qd4 $1 {[%mdl 576] Double Attack} 53. c6 Qxc4+ 54. Ke5 Qg4 55. Kd6 Qe4 56. c7 Qf5 57. Kc6 Qe5 58. Kb6 Qd5 59. Ka6 Kxc7 60. Ka7 Qb7#) 46... c4 47. bxc4 Rd6+ $1 48. Kc5 {Accuracy: White = 68%, Black = 61%.} 1/2-1/2

[Event "GER-ch Youth U18 2019"]
[Site "Willingen"]
[Date "2019.06.15"]
[Round "9.2"]
[White "Martin, Julian"]
[Black "Buckels, Valentin"]
[Result "0-1"]
[WhiteElo "2370"]
[BlackElo "2443"]
[Annotator "TA"]
[PlyCount "50"]
[EventDate "2019.06.07"]
[EventType "swiss"]
[EventRounds "9"]
[EventCountry "GER"]
[SourceTitle "playchess.com"]
[Source "ChessBase"]
[SourceQuality "1"]

{[%evp 9,50,0,0,0,29,11,17,8,16,0,23,-7,34,41,348,352,381,184,205,-41,-58,-129,-122,-225,-65,-163,0,-28,-24,-45,-40,-197,-224,-289,-275,-754,-743,-725,-710,-697,-610,-577,-579]} 1. e4 e5 2. Nf3 Nc6 3. Bb5 g6 4. d4 exd4 5. c3 dxc3 (5... Nge7 6. cxd4 d5 7. exd5 Nxd5 8. O-O Bg7 9. Bxc6+ bxc6 10. Bg5 Qd6 11. Re1+ Be6 12. Nbd2 O-O 13. Ne4 Qb4 14. Qc1 Rfe8 15. Bd2 Qb6 16. Nc5 Bf5 17. Ne5 Rad8 18. h3 Nf6 19. Nb3 Rd5 20. Nxc6 Rxe1+ 21. Bxe1 Bf8 22. Ne5 {1-0 (46) Naiditsch,A (2721)-Nakamura,H (2763) Douglas 2018}) 6. Nxc3 {C60: Ruy Lopez: Unusual Black 3rd moves and 3...g6} h6 7. Bf4 Bg7 8. Nd5 $146 {The position is equal.} ({Predecessor:} 8. Qc1 d6 9. O-O Nge7 10. Rd1 g5 11. Bg3 g4 12. Bh4 gxf3 {0-1 (28) Kulaots,K (2551)-Piorun,K (2634) Germany 2019}) 8... d6 9. e5 a6 10. Qa4 $132 {[%mdl 2048] And now exd6 would win. White is not holding back} axb5 11. Qxa8 dxe5 $2 {[%mdl 8192]} (11... Nge7 $1 $14 12. Nxe7 Nxe7) 12. O-O-O $18 Kf8 13. Bg3 ({Much less strong is} 13. Nf6 Nd4 $18) (13. Rhe1 $142 exf4 14. Nf6 $1 {[%mdl 512]} (14. Nxf4 Bxb2+ {[%mdl 64] Decoy} 15. Kxb2 Qf6+ {[%mdl 64] Double Attack} 16. Kb1 Nge7 $17) 14... Qxd1+ 15. Rxd1) 13... h5 {[#]} 14. h4 $2 (14. Bf4 $1 $18 {[%mdl 512]}) 14... Bh6+ $15 15. Ng5 {[#]} ({White should try} 15. Ne3 $15 Qe8 16. Nxe5) 15... Kg7 $1 $17 16. f4 (16. f3 $17 {was called for.}) 16... Qf8 $2 ({Better is} 16... Nd4 $19 {aiming for ...Ne2+.} 17. Ne3 Ne7 18. fxe5 Bxg5 19. hxg5 Nd5) 17. Bf2 ({White should play} 17. fxe5 $15 Nge7 18. Ne3 (18. Nxc7 $2 Nf5 $19)) 17... exf4 $2 (17... Nf6 $19 18. Nxf6 Qb4) 18. Rhe1 (18. a4 $5 {[%cal Ra4b5]} b4 19. Rhe1 $11) 18... Nf6 19. Nxf6 Kxf6 20. Ne4+ $2 (20. a4 $15 Bxg5 21. hxg5+ Kxg5 22. axb5) 20... Kg7 $19 {Hoping for ...f3+.} 21. Bc5 {[#]} f3+ $1 {[%mdl 64] Discovered Attack} 22. Be3 $2 (22. Kb1 Qxc5 23. Qxc8 Rxc8 24. Nxc5) 22... Bxe3+ {Black is clearly winning.} 23. Rxe3 fxg2 24. Qa3 Qxa3 25. Rxa3 {[#]} Nd4 $1 {[%mdl 576] Promotion. Accuracy: White =  8%, Black = 44%.} 0-1

[Event "GER-ch Youth U18 2019"]
[Site "Willingen"]
[Date "2019.06.15"]
[Round "9.3"]
[White "Parvanyan, Ashot"]
[Black "Vuckovic, Zarko"]
[Result "1/2-1/2"]
[WhiteElo "2421"]
[BlackElo "2132"]
[Annotator "TA"]
[PlyCount "46"]
[EventDate "2019.06.07"]
[EventType "swiss"]
[EventRounds "9"]
[EventCountry "GER"]
[SourceTitle "playchess.com"]
[Source "ChessBase"]
[SourceQuality "1"]

{[%evp 13,46,40,41,31,39,12,19,10,3,8,17,-2,-12,-16,-1,-14,0,0,0,0,0,0,0,0,0,-11,44,42,45,37,39,24,71,56,52]} 1. Nf3 Nf6 2. c4 e6 3. g3 d5 4. d4 dxc4 5. Bg2 Nc6 6. Qa4 Bd7 7. Qxc4 Na5 8. Qd3 {E02: Open Catalan: 5 Qa4+} c5 9. Ne5 (9. Nc3 Bc6 10. O-O Be7 11. Rd1 O-O 12. e4 Qb6 13. Be3 Rfd8 14. Ne5 cxd4 15. Bxd4 Qc7 {1-0 (24) Eljanov,P (2723)-Goloshchapov,A (2586) Dubai 2014}) 9... Nc6 10. Nxc6 {The position is equal.} Bxc6 11. Bxc6+ bxc6 12. Qf3 cxd4 $146 ({Predecessor:} 12... Qd5 13. dxc5 Bxc5 14. Nc3 Qxf3 15. exf3 Nd5 16. Ne4 Bd4 17. Rb1 Ke7 18. b3 {½-½ (18) Gurevich,D (2580)-Olafsson,H (2500) New York 1997}) 13. Qxc6+ Nd7 {[#] aiming for ...Rc8.} 14. O-O Rc8 15. Qa4 Bc5 16. Nd2 O-O 17. Ne4 Bb6 18. Bg5 f6 19. Bd2 f5 (19... Ne5 $11 20. Bb4 Rc4) 20. Bg5 $1 $14 {[%cal Rg5d8]} Nf6 $1 21. Nxf6+ gxf6 22. Bh6 Qe8 23. Qb3 Rf7 {Accuracy: White = 74%, Black = 67%.} 1/2-1/2

[Event "GER-ch Youth U18 2019"]
[Site "Willingen"]
[Date "2019.06.15"]
[Round "9.4"]
[White "Roseneck, Jonas"]
[Black "Arndt, Magnus"]
[Result "0-1"]
[WhiteElo "2403"]
[BlackElo "2186"]
[Annotator "TA"]
[PlyCount "90"]
[EventDate "2019.06.07"]
[EventType "swiss"]
[EventRounds "9"]
[EventCountry "GER"]
[SourceTitle "playchess.com"]
[Source "ChessBase"]
[SourceQuality "1"]

{[%evp 19,90,21,23,0,0,12,79,81,74,74,64,83,78,74,79,48,56,50,71,63,88,77,68,-186,-170,-187,-170,-179,-177,-322,-322,-315,-317,-395,-386,-817,-654,-29991,-29992,-29993,-214,-203,-191,-358,-352,-327,-320,-377,-377,-362,-362,-561,-550,-541,-546,-546,-541,-634,-599,-1815,-2558,-7432,-7304,-5089,-5045,-29976,-7451,-29982,-1688,-29982,-29983,-29982,-29981]} 1. e4 e5 2. Nf3 Nc6 3. Bb5 a6 4. Ba4 Nf6 5. O-O Be7 6. Re1 b5 7. Bb3 O-O 8. a4 b4 9. d4 d6 10. dxe5 Nxe5 11. Nbd2 {C88: Closed Ruy Lopez: Anti-Marshall Systems} Nfd7 12. Nd4 Bf6 $146 (12... Nc5 $11) ({Predecessor:} 12... Nc5 13. Bd5 Rb8 14. Nc4 Bg4 15. Qd2 Nxc4 16. Bxc4 Bd7 17. b3 Bf6 18. Bb2 c6 {1-0 (38) Nakamura,H (2761)-Ding,L (2805) Abidjan 2019}) 13. Bd5 $16 {White is better.} c6 14. Nxc6 Nxc6 15. Bxc6 Rb8 16. Nc4 Ne5 17. Nxe5 Bxe5 18. Rb1 Qh4 19. g3 Qh3 {White should prevent ...Bg4.} 20. f4 Bg4 21. Qd2 $2 {[%mdl 8192]} (21. Qd3 $14 {is the one way to stay ahead.} Rfc8 22. Bd5 (22. fxe5 Rxc6 23. exd6 Rbc8 $16)) 21... Bc3 $1 $19 {[%cal Rc3d2]} 22. bxc3 bxc3 {[%mdl 64] Discovered Attack} 23. Qxc3 Rxb1 24. Bb2 (24. e5 $142) 24... Rxe1+ $1 {[%mdl 64] Overworked Piece} 25. Qxe1 {[#]} Bf3 $1 {[%csl Gf3][%cal Rh3g2]} 26. Qf2 Rb8 27. c4 $2 (27. Bb5 Bxe4 28. Bf1) 27... Rb3 {( -> ...Rd3)} 28. Qc2 {[#]} Rd3 $1 {[%mdl 512]} 29. Bd7 (29. Qxd3 Qg2#) 29... Qg2+ $2 (29... Rd1+ {mates} 30. Kf2 Qg2+ 31. Ke3 Qxc2 32. Kxf3 h5 33. Bd4 Rf1+ 34. Ke3 Re1+ 35. Kf3 Qe2#) 30. Qxg2 Bxg2 31. Kxg2 $2 (31. Bxg7 Bxe4 32. Bf6) 31... Rd2+ {[%mdl 64] Double Attack} 32. Kf3 {Threatens to win with Bc1.} Rxb2 {[%mdl 4096] Endgame KR-KB} 33. e5 dxe5 34. fxe5 Rc2 ({Don't play} 34... Rxh2 35. Ke4 $19) 35. e6 (35. Bc8 $142 Rc3+ 36. Kg2) 35... Kf8 36. exf7 Kxf7 37. Bc8 a5 38. Bb7 Ke7 39. Bd5 Rxh2 40. Kf4 Kd6 41. Bg8 Kc5 42. Kg5 h6+ (42... Ra2 $142 43. Bxh7 Rxa4 44. Bb1 Rxc4 45. Kg6 Kb4 46. Ba2 a4 47. g4 a3 48. Kxg7 Rc2 49. Be6 {[#]} Rc4 $1 {[%mdl 512]} 50. Kf6 a2 $1 {[%mdl 512]} 51. Bxc4 Kxc4 52. Ke6 a1=Q 53. g5 Qg7 54. Kf5 Kd5 55. Kf4 Qe5+ 56. Kf3 Qxg5 57. Ke2 Ke4 58. Kf2 Qh4+ 59. Ke2 Qh2+ 60. Ke1 Ke3 61. Kf1 Qh1#) 43. Kf5 Rf2+ (43... Ra2 $142 44. Kg6 Rxa4 45. Be6 Rb4 46. Bd7 a4 47. Bxa4 Rxa4 48. Kh5 Rxc4 49. Kg6 Kd5 50. Kf7 Kd6 51. Kg6 Ke6 52. Kxg7 Rg4+ 53. Kxh6 Rxg3 54. Kh5 Kf5 55. Kh6 Rg4 56. Kh7 Kf6 57. Kh8 Kf7 58. Kh7 Rh4#) 44. Ke5 Ra2 45. Kf5 Rxa4 {Accuracy: White = 27%, Black = 61%.} 0-1